[Event "FIDE World Bl Team Pool B"]
[Site "London ENG"]
[Date "2025.06.14"]
[Round "1.3"]
[White "Bharat Kumar, Balahari"]
[Black "Stewart, Ashley"]
[Result "1/2-1/2"]
[WhiteElo "2052"]
[BlackElo "2093"]
[WhiteTeam "Desert Penguins"]
[BlackTeam "Hammersmith Chess Club"]
[WhiteFideId "496464"]
[BlackFideId "419001"]
[EventDate "2025.06.14"]
[EventType "team"]

1. d4 Nf6 2. c4 g6 3. Nc3 Bg7 4. e4 d6 5. Be2 O-O 6. h4 h5 7. Nf3 e5 8. d5 Na6
9. Qc2 Qe8 10. b3 Nc5 11. b4 Ncd7 12. Bb2 a5 13. a3 axb4 14. axb4 Rxa1+ 15. Bxa1
Ng4 16. Nb5 Qd8 17. O-O Bh6 18. c5 dxc5 19. bxc5 Qe7 20. d6 cxd6 21. cxd6 Qf6
22. Rd1 g5 23. hxg5 Bxg5 24. Bc4 h4 25. Nxg5 Qxg5 26. Qd2 Qg6 27. f3 Ngf6 28.
Bc3 Nh5 29. Qf2 Nf4 30. Kh1 h3 31. g3 Nh5 32. Rg1 Kh7 33. Bd2 Rg8 34. g4 Nf4 35.
Bxf4 exf4 36. Bd3 Ne5 37. Bc2 Qg5 38. Bb3 Be6 39. Bxe6 fxe6 40. Nc7 Rg6 41. Nb5
Nd3 42. Qc2 Qxb5 43. Qc7+ Rg7 44. Qd8 Nf2+ 45. Kh2 Nxg4+ 46. fxg4 Qe2+ 47. Kh1
Qf3+ 48. Kh2 Qf2+ 49. Kh1 h2 50. Rg2 Qf3 51. Qh4+ Kg8 52. Qd8+ Kh7 53. Qh4+ Kg8
54. Qd8+ Kh7 55. Qh4+ Kg8 56. Qd8+ Kh7 57. Qh4+ 1/2-1/2

[Event "FIDE World Bl Team Pool B"]
[Site "London ENG"]
[Date "2025.06.14"]
[Round "1.4"]
[White "Hanache, Kai"]
[Black "Bansal, Saahil"]
[Result "1-0"]
[WhiteElo "2149"]
[BlackElo "1979"]
[WhiteTeam "Hammersmith Chess Club"]
[BlackTeam "Desert Penguins"]
[WhiteFideId "490105"]
[BlackFideId "438316"]
[EventDate "2025.06.14"]
[EventType "team"]

1. e4 c6 2. d4 d5 3. e5 e6 4. Nd2 c5 5. dxc5 Bxc5 6. Qg4 Bf8 7. Ngf3 Qc7 8. c3
Nc6 9. Qg3 Nge7 10. Bd3 Ng6 11. Bxg6 hxg6 12. O-O Be7 13. Nb3 Bd7 14. Nbd4 Na5
15. Bg5 Nc4 16. Bxe7 Kxe7 17. b3 Nb6 18. Qg5+ Ke8 19. Rac1 Qd8 20. Qf4 Rc8 21.
a4 Rh5 22. Rfd1 Qe7 23. Ne2 Bc6 24. Ng3 Rh8 25. Nd4 Nd7 26. c4 g5 27. Qe3 dxc4
28. Nxc6 Rxc6 29. Qxa7 f6 30. Qxb7 Rc5 31. b4 Rxe5 32. Rxc4 Qd6 33. Rxd6 Re1+
34. Nf1 Ne5 35. Rc8# 1-0

[Event "FIDE World Bl Team Pool B"]
[Site "London ENG"]
[Date "2025.06.14"]
[Round "1.5"]
[White "Ding, Yicheng"]
[Black "Aryaman Ganguly"]
[Result "0-1"]
[WhiteElo "1793"]
[BlackElo "1826"]
[WhiteTeam "Desert Penguins"]
[BlackTeam "Hammersmith Chess Club"]
[WhiteFideId "483087"]
[BlackFideId "25981226"]
[EventDate "2025.06.14"]
[EventType "team"]

1. d4 d5 2. c4 e6 3. Nc3 Nf6 4. Bf4 c6 5. e3 Nbd7 6. Nf3 Be7 7. cxd5 exd5 8. Bd3
Nf8 9. O-O Ne6 10. Bg3 O-O 11. a3 g6 12. Rc1 Ng7 13. h3 Bf5 14. Ne5 Bxd3 15.
Nxd3 Nf5 16. Bh2 Nd6 17. Na4 Nc4 18. Nac5 Bxc5 19. dxc5 Re8 20. Qb3 Nd2 21. Qxb7
Nxf1 22. Rxf1 Qd7 23. Qa6 Qc8 24. Qa5 Ne4 25. Qa4 Nxc5 26. Nb4 Qd7 27. Qxc6 Qxc6
28. Nxc6 Re6 29. Nd4 Rb6 30. b4 Ne6 31. Rc1 Nxd4 32. exd4 Re8 33. Bf4 Rbe6 34.
Be3 R6e7 35. Rc5 Rd7 36. h4 Kf8 37. Kf1 Ke7 38. Ke2 Kd8 39. Kd3 Re6 40. g3 Red6
41. Bg5+ f6 42. Be3 Ke7 43. Kc3 Re6 44. Kd3 Red6 45. Kc3 Ke6 46. a4 Rb6 47. a5
Rbb7 48. Bd2 Rbc7 49. Be3 Rxc5+ 50. dxc5 a6 51. Kd4 Rb7 52. Bd2 Rb8 53. c6 Rb5
54. c7 Kd7 55. Bf4 Rxb4+ 56. Kc5 Rb5+ 57. Kd4 Rxa5 58. f3 Rb5 59. Kc3 a5 60. g4
Rc5+ 61. Kb3 Rxc7 62. Bg3 Rc4 63. h5 gxh5 64. gxh5 f5 65. h6 Kc6 66. f4 Kb5 67.
Bf2 Rxf4 68. Bg3 Rg4 69. Bh2 Rh4 70. Bg1 Rxh6 71. Kc3 Rg6 72. Bd4 h5 73. Bf2 Rg4
74. Kb3 h4 75. Kc3 h3 76. Kb3 h2 0-1

[Event "FIDE World Bl Team Pool B"]
[Site "London ENG"]
[Date "2025.06.14"]
[Round "1.6"]
[White "Cepoi, Gesneria-Codruta"]
[Black "Ding, Yihua"]
[Result "1-0"]
[WhiteElo "1598"]
[BlackElo "1536"]
[WhiteTeam "Hammersmith Chess Club"]
[BlackTeam "Desert Penguins"]
[WhiteFideId "1285297"]
[BlackFideId "495999"]
[EventDate "2025.06.14"]
[EventType "team"]

1. d4 Nf6 2. c4 e6 3. Nf3 b6 4. g3 Bb7 5. Bg2 Be7 6. O-O O-O 7. Nc3 d6 8. Re1
Nbd7 9. e4 e5 10. d5 Rc8 11. b4 a6 12. Bb2 h6 13. a4 a5 14. bxa5 bxa5 15. Ba3
Re8 16. Rb1 Ba6 17. Nb5 Nb6 18. Nd2 Qd7 19. Qe2 c6 20. dxc6 Qxc6 21. Na7 Qc7 22.
Nxc8 Rxc8 23. Rec1 Qd7 24. Rxb6 Bb7 25. Rb5 Ra8 26. h3 Bc6 27. Rb6 Bxa4 28. Qd3
Qe8 29. Bxd6 Rd8 30. c5 Bxd6 31. cxd6 Bd7 32. Qa6 Ra8 33. Qb7 Be6 34. Nc4 Qd8
35. Nxe5 Qe8 36. Rd1 Qf8 37. d7 Qd8 38. Nc6 Qf8 39. d8=Q Rxd8 40. Rxd8 Ne8 41.
Ne7+ Kh8 42. e5 Kh7 43. Be4+ Kh8 44. Bg6 fxg6 45. Nxg6+ Kh7 46. Nxf8+ Kg8 47.
Qe7 Kh8 48. Rxe8 Bg8 1-0

[Event "FIDE World Bl Team Pool B"]
[Site "London ENG"]
[Date "2025.06.14"]
[Round "1.1"]
[White "Aronian, Levon"]
[Black "Martinez Alcantara, Jose Eduardo"]
[Result "1-0"]
[WhiteTitle "GM"]
[BlackTitle "GM"]
[WhiteElo "2742"]
[BlackElo "2611"]
[WhiteTeam "Hexamind Chess Team"]
[BlackTeam "Theme International Trading"]
[WhiteFideId "13300474"]
[BlackFideId "3805662"]
[EventDate "2025.06.14"]
[EventType "team"]

1. e4 e5 2. Nf3 Nc6 3. Bb5 a6 4. Ba4 Nf6 5. O-O Be7 6. Bxc6 dxc6 7. Re1 Bg4 8.
h3 Bh5 9. g4 Nxg4 10. hxg4 Bxg4 11. d4 Qd6 12. Qd3 exd4 13. Nbd2 O-O-O 14. Nc4
Qc5 15. Nfe5 Be6 16. b4 Qa7 17. Bd2 f6 18. Nf3 c5 19. a3 Rhe8 20. Na5 Qb6 21.
Rab1 c4 22. Nxc4 Qb5 23. Na5 Qh5 24. Nh2 Bd6 25. f4 g5 26. Qf3 Qh4 27. e5 fxe5
28. fxe5 Bf8 29. Qxb7+ Kd7 30. Re2 Bg7 31. Nf3 Qh5 32. Qc6+ Ke7 33. Bxg5+ Kf7
34. Bxd8 Rxd8 35. Rf1 Ke7 36. Qxc7+ 1-0

[Event "FIDE World Bl Team Pool B"]
[Site "London ENG"]
[Date "2025.06.14"]
[Round "1.2"]
[White "Jumabayev, Rinat"]
[Black "Murzin, Volodar"]
[Result "0-1"]
[WhiteTitle "GM"]
[BlackTitle "GM"]
[WhiteElo "2546"]
[BlackElo "2666"]
[WhiteTeam "Theme International Trading"]
[BlackTeam "Hexamind Chess Team"]
[WhiteFideId "13702661"]
[BlackFideId "44155573"]
[EventDate "2025.06.14"]
[EventType "team"]

1. e4 e5 2. Nf3 Nc6 3. Bc4 Nf6 4. d3 Be7 5. O-O O-O 6. Re1 d6 7. a4 Be6 8. a5 b6
9. a6 Bxc4 10. dxc4 Nb8 11. c3 Qc8 12. Qa4 c6 13. Bg5 Nbd7 14. b4 h6 15. Bh4 Re8
16. Nbd2 Bf8 17. Nf1 Qc7 18. Rad1 Rac8 19. Qc2 d5 20. N1d2 d4 21. cxd4 Bxb4 22.
Bg3 Bd6 23. c5 bxc5 24. dxe5 Nxe5 25. Nxe5 Bxe5 26. Nc4 Bxg3 27. hxg3 Rcd8 28.
e5 Rxd1 29. Rxd1 Nd5 30. Nd6 Rxe5 31. Qxc5 Qb6 32. Qxb6 Nxb6 33. Nb7 Re8 34. Rc1
g6 35. Rxc6 Re1+ 36. Kh2 Ra1 37. Nd6 Rxa6 38. Nb5 Ra2 39. Nxa7 Nd5 40. Rd6 Nc3
41. Nc6 Rxf2 42. Rd4 Kg7 43. Ne5 Re2 44. Nf3 Ne4 45. g4 Re3 46. Ra4 Nf2 47. Kg3
Nd1 48. Rd4 Nc3 49. Rd7 Re4 50. g5 h5 51. Rd3 Rg4+ 52. Kh2 Ne4 53. Rd5 Ng3 54.
Rd7 Ne4 55. Ne5 Rh4+ 56. Kg1 Nxg5 57. Nc6 Rc4 58. Ne5 Re4 59. Nd3 Ne6 60. Rd6
Rd4 61. Rxd4 Nxd4 62. Kf2 Kf6 63. Ke3 Ne6 64. Nb4 Kf5 65. Nc6 f6 66. Ne7+ Kg5
67. Ke4 Nf4 68. g3 Ne2 69. Kf3 Nd4+ 70. Kf2 Nf5 71. Nd5 Nh6 72. Kf3 Ng4 73. Nf4
Kf5 74. Nd5 Ne5+ 75. Kg2 g5 76. Kf2 Ke6 77. Nc3 f5 78. Ke3 Ng6 79. Kf3 Ke5 80.
Nb5 g4+ 81. Kf2 Nf8 82. Na3 Nd7 83. Nc4+ Kf6 84. Ke3 Nc5 85. Kf2 Ne4+ 86. Kg2
Kg5 87. Ne5 h4 88. gxh4+ Kxh4 89. Nd3 Kg5 90. Ne5 f4 91. Nd3 f3+ 92. Kh2 Kh4 93.
Ne5 g3+ 94. Kg1 Nd2 95. Nd3 Kg5 96. Kh1 f2 0-1

[Event "FIDE World Bl Team Pool B"]
[Site "London ENG"]
[Date "2025.06.14"]
[Round "1.3"]
[White "Giri, Anish"]
[Black "Le, Tuan Minh"]
[Result "1-0"]
[WhiteTitle "GM"]
[BlackTitle "GM"]
[WhiteElo "2748"]
[BlackElo "2598"]
[WhiteTeam "Hexamind Chess Team"]
[BlackTeam "Theme International Trading"]
[WhiteFideId "24116068"]
[BlackFideId "12401153"]
[EventDate "2025.06.14"]
[EventType "team"]

1. Nf3 d5 2. g3 Nd7 3. d4 Nb6 4. Nbd2 Bf5 5. Nh4 Bg4 6. h3 Bh5 7. Ng2 e6 8. Nf4
Bg6 9. Nxg6 hxg6 10. Bg2 c5 11. dxc5 Bxc5 12. e4 Nf6 13. exd5 Nbxd5 14. O-O Qc7
15. Qf3 b5 16. c3 O-O 17. Kh1 Rac8 18. Qe2 b4 19. c4 Ne7 20. Nf3 Nf5 21. Bf4 Qb6
22. g4 Nd4 23. Nxd4 Bxd4 24. Rad1 Rfe8 25. b3 a5 26. Rd3 e5 27. Be3 a4 28. Rfd1
axb3 29. axb3 Nd7 30. Bxd4 exd4 31. Qc2 Nc5 32. Rxd4 Qf6 33. Bd5 g5 34. Kg2 Re5
35. R4d2 g6 36. Qb2 Kg7 37. Ra1 Rc7 38. Ra5 Rc8 39. Ra7 Rf8 40. Rc7 Ne6 41. Bxe6
Rxe6 42. Qxf6+ Kxf6 43. Rb7 Ra8 44. Rxb4 Ra1 45. Rb7 Ree1 46. Rdd7 Rg1+ 47. Kf3
Rh1 48. Rxf7+ Ke6 49. Rfe7+ Kf6 50. Re3 Rxh3+ 51. Ke4 Rh2 52. Rf3+ Ke6 53. Rb6+
Ke7 54. Rxg6 Re1+ 55. Kf5 Re2 56. Re3+ 1-0

[Event "FIDE World Bl Team Pool B"]
[Site "London ENG"]
[Date "2025.06.14"]
[Round "1.4"]
[White "Tin, Jingyao"]
[Black "Vidit, Santosh Gujrathi"]
[Result "0-1"]
[WhiteTitle "GM"]
[BlackTitle "GM"]
[WhiteElo "2583"]
[BlackElo "2720"]
[WhiteTeam "Theme International Trading"]
[BlackTeam "Hexamind Chess Team"]
[WhiteFideId "5804418"]
[BlackFideId "5029465"]
[EventDate "2025.06.14"]
[EventType "team"]

1. Nf3 d5 2. g3 g6 3. Bg2 Bg7 4. O-O e5 5. d3 Nc6 6. e4 Nge7 7. Nc3 d4 8. Nd5
O-O 9. c4 dxc3 10. Nxc3 h6 11. Be3 Be6 12. a3 a5 13. Rc1 Qd7 14. Qd2 Kh7 15. Qc2
Rfd8 16. Rfd1 Rac8 17. Nb5 Bg4 18. Rd2 g5 19. Ne1 Ng6 20. Nc3 Nd4 21. Bxd4 exd4
22. Nd5 Be6 23. Qc5 b6 24. Qc6 Qxc6 25. Rxc6 Bxd5 26. exd5 Ne7 27. Rc1 Nxd5 28.
Bxd5 Rxd5 29. Rc6 Bf8 30. g4 Rc5 31. Rc2 Bd6 32. R2xc5 bxc5 33. Ra6 Rb8 34. Rxa5
Rxb2 35. Ra4 Bf4 36. Nf3 Rb3 37. Rc4 Rxd3 0-1

[Event "FIDE World Bl Team Pool B"]
[Site "London ENG"]
[Date "2025.06.14"]
[Round "1.5"]
[White "Divya, Deshmukh"]
[Black "Gong, Qianyun"]
[Result "1-0"]
[WhiteTitle "IM"]
[BlackTitle "WGM"]
[WhiteElo "2463"]
[BlackElo "2228"]
[WhiteTeam "Hexamind Chess Team"]
[BlackTeam "Theme International Trading"]
[WhiteFideId "35006916"]
[BlackFideId "8602425"]
[EventDate "2025.06.14"]
[EventType "team"]

1. e4 e6 2. d4 d5 3. Nd2 Be7 4. Ngf3 Nf6 5. e5 Nfd7 6. c3 c5 7. Bd3 Nc6 8. O-O
O-O 9. Re1 f6 10. exf6 Nxf6 11. dxc5 Bxc5 12. Nb3 Bb6 13. Nbd4 Qd6 14. Be3 h6
15. Nxc6 bxc6 16. Bd4 Ng4 17. h3 Bxd4 18. cxd4 Rxf3 19. Qxf3 Nf6 20. b3 Bd7 21.
Rac1 Rf8 22. Qe3 Qa3 23. Bb1 a5 24. Qc3 Qd6 25. Qxa5 Nh5 26. Re5 Nf4 27. Qd2 Qe7
28. Qe3 Qf6 29. a4 Rb8 30. a5 Be8 31. Kh2 Ra8 32. b4 Rb8 33. g3 Nh5 34. Rxe6 Qf8
35. a6 Nf6 36. a7 Ra8 37. Re7 Bd7 38. b5 cxb5 39. Rc7 Qd8 40. Rcxd7 Nxd7 41.
Qe6+ Kh8 42. Qxd7 Qf8 43. Rf7 Qg8 44. Qf5 1-0

[Event "FIDE World Bl Team Pool B"]
[Site "London ENG"]
[Date "2025.06.14"]
[Round "1.1"]
[White "Adams, Michael"]
[Black "Rodshtein, Maxim"]
[Result "1/2-1/2"]
[WhiteTitle "GM"]
[BlackTitle "GM"]
[WhiteElo "2659"]
[BlackElo "2645"]
[WhiteTeam "Malcolm's Mates"]
[BlackTeam "Rishon LeZion Chess Club"]
[WhiteFideId "400041"]
[BlackFideId "2806851"]
[EventDate "2025.06.14"]
[EventType "team"]

1. e4 c5 2. Nf3 d6 3. Bb5+ Bd7 4. c4 Nc6 5. d4 cxd4 6. Nxd4 Nf6 7. Nc3 g6 8. h3
Bg7 9. Be3 O-O 10. O-O a6 11. Bxc6 Bxc6 12. Qd3 Rc8 13. Rac1 Qa5 14. Rfe1 Rfe8
15. a3 Bd7 16. Nd5 Nxd5 17. exd5 b5 18. cxb5 Bxb5 19. Qe4 Qa4 20. f3 Bf6 21. Bf2
Bd7 22. Qd3 Bb5 23. Qe4 Bd7 24. Qd3 Bb5 25. Qe4 Bd7 26. Qd3 Bb5 27. Qe4 1/2-1/2

[Event "FIDE World Bl Team Pool B"]
[Site "London ENG"]
[Date "2025.06.14"]
[Round "1.2"]
[White "Steinberg, Nitzan"]
[Black "Vitiugov, Nikita"]
[Result "0-1"]
[WhiteTitle "GM"]
[BlackTitle "GM"]
[WhiteElo "2554"]
[BlackElo "2671"]
[WhiteTeam "Rishon LeZion Chess Club"]
[BlackTeam "Malcolm's Mates"]
[WhiteFideId "2801795"]
[BlackFideId "4152956"]
[EventDate "2025.06.14"]
[EventType "team"]

1. e4 e5 2. Nf3 Nc6 3. Bb5 a6 4. Ba4 Nf6 5. Nc3 d6 6. Bxc6+ bxc6 7. d4 Nd7 8.
O-O Be7 9. Re1 O-O 10. b3 f6 11. Ne2 a5 12. a4 Qe8 13. Ng3 g6 14. Bh6 Rf7 15. h4
Nf8 16. Qd3 Ne6 17. Rad1 Bf8 18. Bc1 h5 19. Ne2 c5 20. d5 Nd4 21. Nfxd4 cxd4 22.
c3 dxc3 23. Nxc3 Be7 24. Nb5 Bd8 25. Bd2 f5 26. Bg5 Bxg5 27. hxg5 Qd8 28. Rc1 f4
29. Rc6 Bd7 30. Rec1 Bxc6 31. Rxc6 f3 32. Qe3 0-1

[Event "FIDE World Bl Team Pool B"]
[Site "London ENG"]
[Date "2025.06.14"]
[Round "1.3"]
[White "Saric, Ivan"]
[Black "Sokolovsky, Yahli"]
[Result "1-0"]
[WhiteTitle "GM"]
[BlackTitle "GM"]
[WhiteElo "2661"]
[BlackElo "2542"]
[WhiteTeam "Malcolm's Mates"]
[BlackTeam "Rishon LeZion Chess Club"]
[WhiteFideId "14508150"]
[BlackFideId "2820242"]
[EventDate "2025.06.14"]
[EventType "team"]

1. Nf3 Nf6 2. g3 g6 3. Bg2 Bg7 4. O-O O-O 5. d4 d6 6. Re1 c5 7. dxc5 dxc5 8. c3
Nc6 9. Be3 Qd6 10. Na3 Ng4 11. Qxd6 exd6 12. Bf4 Nge5 13. Nb5 Nc4 14. Rab1 Rd8
15. b3 N4e5 16. Nxe5 dxe5 17. Be3 Bf5 18. Rbd1 Bf8 19. Bg5 Rxd1 20. Rxd1 h6 21.
Bf6 a6 22. Nd6 Be6 23. Nxb7 Rc8 24. Nd6 Rc7 25. h4 Bg7 26. Bxg7 Kxg7 27. Ne8+ 1-0

[Event "FIDE World Bl Team Pool B"]
[Site "London ENG"]
[Date "2025.06.14"]
[Round "1.4"]
[White "Bronstein, Or"]
[Black "McShane, Luke J"]
[Result "0-1"]
[WhiteTitle "IM"]
[BlackTitle "GM"]
[WhiteElo "2443"]
[BlackElo "2615"]
[WhiteTeam "Rishon LeZion Chess Club"]
[BlackTeam "Malcolm's Mates"]
[WhiteFideId "2815770"]
[BlackFideId "404853"]
[EventDate "2025.06.14"]
[EventType "team"]

1. d4 Nf6 2. c4 g6 3. Nc3 Bg7 4. e4 d6 5. Be2 O-O 6. h3 e5 7. d5 a5 8. Bg5 Na6
9. Nf3 Qe8 10. g4 h5 11. Nd2 Nh7 12. Be3 h4 13. Nf3 Qe7 14. g5 f5 15. Nxh4 f4
16. Bd2 Qxg5 17. Nf3 Qh6 18. h4 g5 19. Qc2 g4 20. Nh2 Nf6 21. O-O-O Qh5 22. Rdg1
Kh8 23. Qd1 f3 24. Nxf3 gxf3 25. Bxf3 Qh7 26. h5 Rg8 27. Rg6 Bd7 28. Bg5 Ne8 29.
Bg4 Nc5 30. Bf5 Bxf5 31. exf5 Rf8 32. h6 Bf6 33. Qf3 Bxg5+ 34. Rxg5 Rd8 35. Kd1
Rd7 36. Qg4 Nf6 37. Qg2 Rff7 38. Rg7 Qxf5 39. Rg5 Qd3+ 40. Kc1 Kh7 41. Rg7+ Kh8
42. Rg5 Qh7 43. Rg7 Qf5 44. Rg5 Nd3+ 45. Kb1 Nf4+ 46. Rxf5 Nxg2 47. Rg5 Nf4 48.
f3 Kh7 49. Nd1 Rf8 50. Ne3 Rg8 51. Rf5 Rg6 52. a3 b6 53. Kc2 Ne2 54. Rxf6 Rxf6
55. Kd3 Nf4+ 56. Ke4 Ng6 57. Ng4 Rf4+ 58. Ke3 Rdf7 0-1

[Event "FIDE World Bl Team Pool B"]
[Site "London ENG"]
[Date "2025.06.14"]
[Round "1.5"]
[White "Bulmaga, Irina"]
[Black "Efroimski, Marsel"]
[Result "1/2-1/2"]
[WhiteTitle "IM"]
[BlackTitle "IM"]
[WhiteElo "2393"]
[BlackElo "2372"]
[WhiteTeam "Malcolm's Mates"]
[BlackTeam "Rishon LeZion Chess Club"]
[WhiteFideId "13903063"]
[BlackFideId "2810964"]
[EventDate "2025.06.14"]
[EventType "team"]

1. e4 e6 2. d4 d5 3. Nc3 Nf6 4. Bg5 dxe4 5. Nxe4 Nbd7 6. Nf3 h6 7. Nxf6+ Nxf6 8.
Be3 Be7 9. Qe2 O-O 10. O-O-O b6 11. g4 Nxg4 12. Bd2 Qd5 13. Rg1 Qxa2 14. c3 Qa1+
15. Kc2 Qa4+ 16. Kc1 Qa1+ 17. Kc2 Qa4+ 18. Kc1 Qa1+ 1/2-1/2

[Event "FIDE World Bl Team Pool B"]
[Site "London ENG"]
[Date "2025.06.14"]
[Round "1.6"]
[White "Lapushnian, Eran"]
[Black "Omarov, Murat"]
[Result "0-1"]
[WhiteElo "1993"]
[BlackElo "1823"]
[WhiteTeam "Rishon LeZion Chess Club"]
[BlackTeam "Malcolm's Mates"]
[WhiteFideId "2811952"]
[BlackFideId "13731173"]
[EventDate "2025.06.14"]
[EventType "team"]

1. e4 c5 2. Nf3 d6 3. d4 cxd4 4. Nxd4 Nf6 5. Nc3 g6 6. Be3 Bg7 7. f3 Nc6 8. Qd2
O-O 9. O-O-O d5 10. exd5 Nxd5 11. Nxc6 bxc6 12. Bd4 Bxd4 13. Qxd4 Qb6 14. Na4
Qc7 15. h4 e5 16. Qc5 Nf4 17. h5 Ne6 18. Qe3 Rb8 19. hxg6 fxg6 20. Rh4 Rf4 21.
Rxf4 Nxf4 22. Bc4+ Be6 23. Bxe6+ Nxe6 24. Re1 Rb5 25. Nc3 Ra5 26. Kb1 Kg7 27.
Ne4 Nd4 28. c3 Nf5 29. Qg5 Qe7 30. Qd2 Rd5 31. Qc2 a5 32. Qb3 h6 33. g4 Nh4 34.
c4 Rd4 35. c5 Qf7 36. Qxf7+ Kxf7 37. Nd6+ Ke6 38. Nb7 a4 39. Na5 Kd5 40. Rc1
Nxf3 41. b4 axb3 42. Nxb3 Nd2+ 43. Nxd2 Rxd2 44. a4 Rd4 45. Kb2 Rxa4 46. Kb3 Rd4
47. Rh1 Rxg4 48. Rxh6 Kxc5 49. Rh3 Kd4 50. Kb4 c5+ 51. Kb3 c4+ 52. Kb4 g5 53.
Rh8 Kd3 54. Rd8+ Rd4 55. Re8 c3+ 56. Kb3 Kd2 57. Rc8 Rd3 58. Rc7 c2+ 59. Kb2
c1=Q+ 60. Rxc1 Rb3+ 61. Kxb3 Kxc1 62. Kc3 g4 63. Kd3 Kd1 64. Ke3 Ke1 65. Ke4 Kf2
66. Kxe5 g3 0-1

[Event "FIDE World Bl Team Pool B"]
[Site "London ENG"]
[Date "2025.06.14"]
[Round "2.1"]
[White "Rakotomaharo, Fy Antenaina"]
[Black "Sevian, Samuel"]
[Result "0-1"]
[WhiteTitle "IM"]
[BlackTitle "GM"]
[WhiteElo "2441"]
[BlackElo "2687"]
[WhiteTeam "Mother Continent"]
[BlackTeam "Freedom"]
[WhiteFideId "13100050"]
[BlackFideId "2040506"]
[EventDate "2025.06.14"]
[EventType "team"]

1. e4 c5 2. a4 g6 3. c3 Bg7 4. d4 cxd4 5. cxd4 d6 6. Nc3 Nc6 7. Be3 Nf6 8. Be2
O-O 9. h3 Qa5 10. Qd2 Qb4 11. Nf3 Na5 12. Nb5 Qxd2+ 13. Nxd2 Bd7 14. O-O Rfc8
15. Rfc1 a6 16. Nc3 Be8 17. Rc2 Nc6 18. Nc4 Nb4 19. Rd2 Nd7 20. a5 Kf8 21. Na4
Rc7 22. Nab6 Nxb6 23. axb6 Rcc8 24. Na5 Rab8 25. Rdd1 Nc2 26. Rac1 Bxd4 27. Bh6+
Bg7 28. Bxg7+ Kxg7 29. Nxb7 Bb5 30. Bxb5 axb5 31. Na5 Rxb6 32. Rd2 Ra8 33. Rdxc2
Rxa5 34. Rc7 Kf6 35. Rd7 Ra8 36. Rcc7 Re8 37. Rb7 Rxb7 38. Rxb7 Ke5 39. f3 f5
40. Rxb5+ Kf6 41. Kf2 Rc8 42. Ke3 e5 43. f4 Rc4 44. fxe5+ dxe5 45. Rb6+ Kg5 46.
exf5 gxf5 47. Rb7 h5 48. b4 Rc3+ 49. Kf2 Kf4 50. b5 e4 51. b6 Rc2+ 52. Kf1 Rb2
53. Rb8 Ke3 54. Kg1 Ke2 55. b7 h4 56. Rf8 Rxb7 57. Rxf5 e3 58. Rd5 Rb1+ 59. Kh2
Rd1 60. Rh5 Rd4 61. g4 Kd2 62. Re5 e2 63. Kg2 e1=Q 64. Rxe1 Kxe1 65. Kf3 Rd3+ 0-1

[Event "FIDE World Bl Team Pool B"]
[Site "London ENG"]
[Date "2025.06.14"]
[Round "2.2"]
[White "Le, Quang Liem"]
[Black "Mhango, Banele"]
[Result "1-0"]
[WhiteTitle "GM"]
[BlackTitle "FM"]
[WhiteElo "2729"]
[BlackElo "2236"]
[WhiteTeam "Freedom"]
[BlackTeam "Mother Continent"]
[WhiteFideId "12401137"]
[BlackFideId "14327040"]
[EventDate "2025.06.14"]
[EventType "team"]

1. Nf3 Nf6 2. c4 g6 3. g3 Bg7 4. d4 O-O 5. Bg2 c6 6. b3 d5 7. Bb2 Ne4 8. O-O Nd7
9. Nc3 Ndf6 10. Rc1 Bf5 11. Na4 h6 12. Ne5 Nd7 13. Nxd7 Bxd7 14. Qc2 Bf5 15. g4
Bc8 16. cxd5 cxd5 17. f3 Nd6 18. Rfd1 Bd7 19. Nc5 Rc8 20. Qd2 b6 21. Nd3 Bb5 22.
Ne5 a5 23. a4 Ba6 24. Ba3 Bb7 25. Rxc8 Qxc8 26. Rc1 Qe6 27. Rc7 Rc8 28. Qc3 Bf8
29. Bf1 Kg7 30. Kf2 Ba6 31. Rxc8 Qxc8 32. Qxc8 Nxc8 33. Nd7 Bb7 34. e3 Bc6 35.
Bb5 Bxd7 36. Bxd7 Nd6 37. Bxd6 exd6 38. Bc6 Kf6 39. Bxd5 Ke7 40. Ke2 Bg7 41. Kd3
f6 42. Kc4 Kd7 43. Be4 g5 44. Kd5 Bf8 45. Bf5+ Kc7 46. Ke4 1-0

[Event "FIDE World Bl Team Pool B"]
[Site "London ENG"]
[Date "2025.06.14"]
[Round "2.3"]
[White "George Samir, David"]
[Black "Martirosyan, Haik M."]
[Result "0-1"]
[WhiteTitle "FM"]
[BlackTitle "GM"]
[WhiteElo "2356"]
[BlackElo "2635"]
[WhiteTeam "Mother Continent"]
[BlackTeam "Freedom"]
[WhiteFideId "10657789"]
[BlackFideId "13306553"]
[EventDate "2025.06.14"]
[EventType "team"]

1. e4 e5 2. Nf3 Nc6 3. Bb5 Nf6 4. O-O Nxe4 5. d4 Nd6 6. dxe5 Nxb5 7. a4 d6 8.
axb5 Nxe5 9. Nxe5 dxe5 10. Qxd8+ Kxd8 11. Be3 Bf5 12. Rd1+ Kc8 13. c4 Be6 14.
Ra4 Be7 15. Nc3 Rd8 16. Nd5 Bxd5 17. cxd5 b6 18. f4 exf4 19. Bxf4 Bc5+ 20. Kf1
Kb7 21. b4 Bd6 22. Bxd6 Rxd6 23. Ra2 a5 24. bxa5 Rxa5 25. Rb2 Ra4 26. Ke2 Kc8
27. Ke3 Kd7 28. Rd4 Ra3+ 29. Ke4 Ra1 30. Rf2 f6 31. Rb2 Re1+ 32. Kd3 Rd1+ 33.
Kc4 Rc1+ 34. Kd3 f5 35. Rf2 g6 36. Rb2 Rc5 37. Ke3 Rcxd5 38. Rxd5 Rxd5 39. g3 g5
40. h4 h6 41. hxg5 hxg5 42. Rb3 Kd6 43. Kf3 Rd4 44. Rb1 Rc4 45. Rd1+ Kc5 46. Rb1
Rc3+ 47. Kf2 Kc4 48. Rb2 Kd3 49. Rb4 Rc2+ 50. Kf3 Rc4 51. Rb3+ Kd4 52. Kf2 Rc2+
53. Kf1 Rc3 54. Rb4+ Kc5 55. Ra4 Kxb5 56. Ra7 Kc6 57. Ra8 Rxg3 0-1

[Event "FIDE World Bl Team Pool B"]
[Site "London ENG"]
[Date "2025.06.14"]
[Round "2.4"]
[White "Mamedov, Rauf"]
[Black "Wanyama, Harold"]
[Result "1-0"]
[WhiteTitle "GM"]
[BlackTitle "FM"]
[WhiteElo "2657"]
[BlackElo "2143"]
[WhiteTeam "Freedom"]
[BlackTeam "Mother Continent"]
[WhiteFideId "13401653"]
[BlackFideId "10000380"]
[EventDate "2025.06.14"]
[EventType "team"]

1. e4 c5 2. c3 Nf6 3. e5 Nd5 4. Bc4 e6 5. d4 cxd4 6. cxd4 Nb6 7. Bb3 d6 8. exd6
Bxd6 9. Nc3 O-O 10. Nf3 Nc6 11. O-O Be7 12. Ne4 Nd5 13. Re1 b6 14. Nc3 Nxc3 15.
bxc3 Bb7 16. Bf4 Rc8 17. Bc2 Re8 18. h4 Na5 19. Ng5 Bxg5 20. Bxg5 Qc7 21. Qh5 f5
22. Re3 g6 23. Qh6 Qg7 24. Qxg7+ Kxg7 25. Bf4 Bd5 26. Ba4 Red8 27. Bb5 Kf7 28.
h5 Rg8 29. h6 g5 30. Be5 Nc4 31. Rd3 Nxe5 32. dxe5 Rgd8 33. Rad1 Ke7 34. c4 Be4
35. Rd7+ Rxd7 1-0